000 00376nam a2200145Ia 4500
008 230711s9999||||xx |||||||||||||| ||und||
041 _aENG
082 _a621
_bDE-E
100 _aDekker,AJ
245 0 _aElectrical Engineering material
250 _a1st
260 _c1986
_aNew Delhi
_bPrentice-Hall of India Private Limited
650 _aElectrical Engineering
942 _cBK
999 _c1261
_d1261